000 00306nam a2200133 a 4500
005 20140414131917.0
008 101019s19uu xx 00 eng d
050 _aER
_bB23 2004
100 _a
245 _aI see Barney!.
260 _aNew York :
_bScholastic ,
_c2004.
440 _a
999 _c111520
_d111520